Incertitudes et mutations de l'agriculture en Europe de l'Est.
Prvky neistoty. Hlavné ukazovatele poľnohospodárskej produkcie podľa krajín. Bolestivé premeny roľníckej produkcie. Produkčné schopnosti poľnohospodárstva podľa krajín. Stane sa Sovietsky zväz a krajiny strednej a východnej Európy odbytišťom pre EHS? (L'Information agricole 1991, č. 630.).
Gespeichert in:
| 1. Verfasser: | |
|---|---|
| Format: | Buchkapitel |
| Sprache: | Französisch |
| Schlagworte: | |
| Tags: |
Keine Tags, Fügen Sie das erste Tag hinzu!
|
MARC
| LEADER | 00000naa a2200000 4500 | ||
|---|---|---|---|
| 001 | r004607 | ||
| 005 | 20221125091608.5 | ||
| 041 | 0 | |a fre | |
| 044 | |a FR | ||
| 245 | 1 | 0 | |a Incertitudes et mutations de l'agriculture en Europe de l'Est. |c E. Lhomel |
| 520 | |a Prvky neistoty. Hlavné ukazovatele poľnohospodárskej produkcie podľa krajín. Bolestivé premeny roľníckej produkcie. Produkčné schopnosti poľnohospodárstva podľa krajín. Stane sa Sovietsky zväz a krajiny strednej a východnej Európy odbytišťom pre EHS? (L'Information agricole 1991, č. 630.). | ||
| 610 | 2 | 0 | |a poľnohospodárstvo |
| 610 | 2 | 0 | |a východná Európa |
| 610 | 2 | 0 | |a údaje štatistické |
| 610 | 2 | 0 | |a dovoz |
| 610 | 2 | 0 | |a Európske spoločenstvá |
| 100 | 1 | |a Lhomel, E. | |